000 00354 a2200169 4500
001 187539
020 _a85-262-6754-1
040 _cMagnum
100 _aShakespeare, William
240 1 0 _aRomeu e julieta
_lpor
245 1 0 _aRomeu e julieta
300 _a47
362 0 _a2007
440 1 _aScipione
697 _aLITERATURA INFANTO
942 _cBK
999 _c187539
_d187539